000 00677nam a22002297a 4500
003 TZ-ArACH
005 20220331165746.0
008 220331b ||||| |||| 00| 0 eng d
020 _a9780270672244
_q(hbk)
040 _cTZ-ArACH
050 _aKJV5056
_b.M53 1895
100 _aMichoud, Léon
_d1855-1916.
245 _aResponsabilité de l'État à raison des fautes de ses agents
250 _aClassic
260 _aParis,
_bChevalier-Marescq et cie,
_c1895.
300 _aMultiple
_c25 cm.
501 _aA classic book reprint.
650 _aAdministrative responsibility.
650 _aAdministrative law
_zFrance.
650 _aAgency (Law)
942 _2lcc
_cBOOK
999 _c6748
_d6748